Statistics for Billie Eilish ft. Khalid - Lovely Lyrics

Click here to take the quiz!

General Stats

  • This quiz has been taken 671 times
  • The average score is 146 of 171

Answer Stats

Lyric% Correct
a
99%
I
99%
lovely
97%
it
96%
all
95%
to
94%
my
94%
of
94%
so
92%
mind
92%
me
91%
Isn't
91%
Isn't
91%
out
90%
alone
90%
stone
90%
Heart
89%
skin
89%
Skin
89%
bone
89%
home
89%
But
89%
but
89%
glass
88%
make
88%
welcome
88%
way
88%
pieces
87%
go
87%
you
87%
made
86%
Thought
86%
if
86%
years
86%
found
85%
hundred
85%
here
85%
or
85%
Tear
85%
can
84%
takes
84%
night
84%
I'll
84%
hope
84%
even
84%
never
83%
find
83%
place
82%
on
82%
Oh
81%
guess
81%
Need
81%
can't
81%
someday
80%
away
80%
stay
80%
and
78%
hide
77%
gotta
76%
now
75%
Hello
74%
one
72%
fear
69%
feel
68%
near
68%
for
67%
better
67%
alive
67%
in
67%
Looking
65%
outside
62%
Walking
61%
Always
60%
Want
59%
know
59%
fight
58%
Something's
58%
headspace
56%
town
43%

Score Distribution

Percentile by Number Answered

Percent of People with Each Score

Your Score History

You have not taken this quiz